English reader for sociology students // English reader for sociology students. - Pt. 1-2 (Запись № 2652080)

Подробности
000 -МАРКЕР
контрольное поле 01617nam1a2200313 i 4500
001 - ИДЕНТИФИКАТОР ЗАПИСИ
контрольное поле RU\NLR\b_ik\96868
005 - ИДЕНТИФИКАТОР ВЕРСИИ
контрольное поле 20260407083219.0
035 ## - ДРУГИЕ СИСТЕМНЫЕ НОМЕРА
Идентификатор записи (NLR Aleph) 002170827
100 ## - ДАННЫЕ ОБЩЕЙ ОБРАБОТКИ
Данные общей обработки 20030414d20029999u y0rusy50 ba
101 0# - ЯЗЫК РЕСУРСА
Язык текста, звукозаписи и т.д. английский
102 ## - СТРАНА ПУБЛИКАЦИИ ИЛИ ПРОИЗВОДСТВА
Страна публикации Российская Федерация
105 ## - ПОЛЕ КОДИРОВАННЫХ ДАННЫХ: ТЕКСТОВЫЕ МАТЕРИАЛЫ, МОНОГРАФИЧЕСКИЕ
Кодированные данные о монографическом текстовом документе ||||z |||||
200 1# - ЗАГЛАВИЕ И СВЕДЕНИЯ ОБ ОТВЕТСТВЕННОСТИ
Основное заглавие English reader for sociology students
Первые сведения об ответственности [Lomonosov Moscow state univ. fac. of foreign lang. Engl. lang. dep. for the humanities fac.]
Последующие сведения об ответственности Comp. a. adapt. by N.D. Starkova a. A.L. Burak
210 ## - ПУБЛИКАЦИЯ, РАСПРОСТРАНЕНИЕ И ДР.
Место издания, распространения и т.д. M.
Имя издателя, распространителя и т. д. РИЦ МГИУ
Дата издания, распространения и т.д. 2002-
215 ## - ФИЗИЧЕСКАЯ ХАРАКТЕРИСТИКА
Размеры 20
463 #1 - УРОВЕНЬ ФИЗИЧЕСКОЙ ЕДИНИЦЫ
Встроенное поле 001RU\NLR\b_ik\95573
-- 200##$aPt. 1-2
Идентификатор связанной записи RU\NLR\b_ik\95573
Системный номер (АБИС) связанной записи 2635737
Место публикации Б. м.
Дата публикации 2002
Физическая характеристика 319 с.
Заглавие English reader for sociology students. - Pt. 1-2
ISBN 5-276-00314-9
541 0# - ПЕРЕВОД ЗАГЛАВИЯ, СДЕЛАННЫЙ КАТАЛОГИЗАТОРОМ
Заглавие Учебник английского языка для студентов-социологов
Язык заглавия русский
606 ## - НАИМЕНОВАНИЕ ТЕМЫ КАК ПРЕДМЕТ
Наименование темы Социология
Формальный подзаголовок Руководства, пособия и т.п. для высшей школы
Системный номер авторитетной/нормативной записи 893563
Идентификатор авторитетной/нормативной записи RU\NLR\AUTH\663357
606 ## - НАИМЕНОВАНИЕ ТЕМЫ КАК ПРЕДМЕТ
Наименование темы Социология
Формальный подзаголовок Учебные издания для высшей школы
Системный номер авторитетной/нормативной записи 893563
Идентификатор авторитетной/нормативной записи RU\NLR\AUTH\663357
606 0# - НАИМЕНОВАНИЕ ТЕМЫ КАК ПРЕДМЕТ
Наименование темы Английский язык
Формальный подзаголовок Учебные издания
Системный номер авторитетной/нормативной записи 972309
Идентификатор авторитетной/нормативной записи RU\NLR\AUTH\6646032
686 4# - ИНДЕКСЫ ДРУГИХ КЛАССИФИКАЦИЙ
Индекс С5я73
686 4# - ИНДЕКСЫ ДРУГИХ КЛАССИФИКАЦИЙ
Индекс Ш143.21-93рус32
702 #1 - ИМЯ ЛИЦА - ВТОРИЧНАЯ ОТВЕТСТВЕННОСТЬ
Начальный элемент ввода Starkova
Часть имени, кроме начального элемента ввода N. D.
Код отношения Составитель
712 02 - НАИМЕНОВАНИЕ ОРГАНИЗАЦИИ - ВТОРИЧНАЯ ОТВЕТСТВЕННОСТЬ
Код отношения Прочие
Материалы, к которым относится поле eng
Начальный элемент ввода Lomonosov state university
Идентифицирующий признак Moscow
Структурное подразделение Faculty of foreign languages
Графика поля Латинская
Идентификатор авторитетной/нормативной записи RU\NLR\AUTH\8810044060
Системный номер авторитетной/нормативной записи 587571
801 #0 - ИСТОЧНИК ЗАПИСИ
Страна Российская Федерация
Организация NLR
Дата составления 20030414
Правила каталогизации PSBO
852 ## - МЕСТОНАХОЖДЕНИЕ И ШИФР ХРАНЕНИЯ
Идентификатор организации NLR
Наименование фонда или коллекции (Sub-Location Identifier) Ик
Шифр хранения (Call Number) 2003-3/360
942 ## - ДОПОЛНИТЕЛЬНЫЕ ЭЛЕМЕНТЫ ЗАПИСИ (АБИС)
Тип экземпляра АБИС Книга

Нет доступных экземпляров.